The Construction (Design and Management) Regulations 2007 (Record no. 106495)
[ view plain ]
| 000 -LEADER | |
|---|---|
| fixed length control field | 01971cam a2200289 4500 |
| 001 - CONTROL NUMBER | |
| control field | ##L136743 |
| 008 - FIXED-LENGTH DATA ELEMENTS--GENERAL INFORMATION | |
| fixed length control field | 070221n2007 000 0 eng u |
| 020 ## - INTERNATIONAL STANDARD BOOK NUMBER | |
| International Standard Book Number | 9780110757896 |
| 035 ## - SYSTEM CONTROL NUMBER | |
| System control number | (Sirsi) u136743 |
| 041 0# - LANGUAGE CODE | |
| Language code of text/sound track or separate title | eng |
| 050 04 - LIBRARY OF CONGRESS CALL NUMBER | |
| Classification number | 690.22 $2 18 |
| 110 1# - MAIN ENTRY--CORPORATE NAME | |
| Corporate name or jurisdiction name as entry element | United Kingdom |
| Form subheading | Laws, etc |
| 9 (RLIN) | 5044 |
| 245 04 - TITLE STATEMENT | |
| Title | The Construction (Design and Management) Regulations 2007 |
| Medium | [electronic resource] |
| 260 ## - PUBLICATION, DISTRIBUTION, ETC. | |
| Place of publication, distribution, etc. | London |
| Name of publisher, distributor, etc. | TSO |
| Date of publication, distribution, etc. | 2007 |
| 490 #0 - SERIES STATEMENT | |
| Series statement | SI |
| Volume/sequential designation | 2007: 320 |
| 520 ## - SUMMARY, ETC. | |
| Summary, etc. | Implement in Great Britain the requirements of Directive 92/57/EEC regarding minimum health and safety on construction sites. Revoke and replace the Construction (Design and Management) Regulations 1994 (Parts II and III) and revoke and re-enact, with modifications, the Construction (Health, Safety and Welfare) Regulations 1996 (Part IV). Key changes introduced by Parts II and III of the 2007 Regulations include: the replacement of planning supervisor with CDM co-ordinator(Regs 20 and 21); a construction phase plan prepared by the principal contractor to replace the planning supervisor's health and safety plan (Reg 3); duties of the client and appointed dutyholders to arise at notification of a construction project (Regs 14 to 24); and all dutyholders to co-ordinate their activities to ensure the health and safety of persons carrying out or affected by the construction work (Reg 6). Come into force 6 April 2007. |
| 590 ## - LOCAL NOTE (RLIN) | |
| Local note | KA NTK |
| 650 24 - SUBJECT ADDED ENTRY--TOPICAL TERM | |
| Topical term or geographic name entry element | CONSTRUCTION (DESIGN AND MANAGEMENT) REGULATIONS 2007 |
| 650 24 - SUBJECT ADDED ENTRY--TOPICAL TERM | |
| Topical term or geographic name entry element | DIRECTIVE 92/57/EEC |
| 650 24 - SUBJECT ADDED ENTRY--TOPICAL TERM | |
| Topical term or geographic name entry element | CONSTRUCTION (HEALTH, SAFETY AND WELFARE) REGULATIONS 1996 |
| 650 24 - SUBJECT ADDED ENTRY--TOPICAL TERM | |
| Topical term or geographic name entry element | CONSTRUCTION (DESIGN AND MANAGEMENT) REGULATIONS 1994 |
| 651 #4 - SUBJECT ADDED ENTRY--GEOGRAPHIC NAME | |
| Geographic name | GREAT BRITAIN |
| 690 ## - LOCAL SUBJECT ADDED ENTRY--TOPICAL TERM (OCLC, RLIN) | |
| Topical term or geographic name as entry element | BUILT ENVIRONMENT-CONSTRUCTION MANAGEMENT-CONSTRUCTION DESIGN AND MANAGEMENT |
| 690 ## - LOCAL SUBJECT ADDED ENTRY--TOPICAL TERM (OCLC, RLIN) | |
| Topical term or geographic name as entry element | Health and safety |
| 9 (RLIN) | 6244 |
| 856 40 - ELECTRONIC LOCATION AND ACCESS | |
| Uniform Resource Identifier | <a href="https://www.opsi.gov.uk/si/si2007/20070320.htm">https://www.opsi.gov.uk/si/si2007/20070320.htm</a> |
| Public note | View the Regulations free of charge at www.opsi.gov.uk... |
| 942 ## - ADDED ENTRY ELEMENTS (KOHA) | |
| Suppress in OPAC | 0 |
| Withdrawn status | Lost status | Source of classification or shelving scheme | Damaged status | Not for loan | Home library | Current library | Shelving location | Date acquired | Total Checkouts | Full call number | Barcode | Date last seen | Copy number | Price effective from | Koha item type |
|---|---|---|---|---|---|---|---|---|---|---|---|---|---|---|---|
| Dewey Decimal Classification | Virtual | Virtual | Online | 21/02/2007 | ONLINE PUBLICATION | 136743-2001 | 06/08/2019 | 1 | 06/08/2019 | Book |